Movie Knowledge - Statistiken

Allgemein
  • Dieses Quiz wurde 253 mal gespielt
  • Das Durchschnittsergebnis liegt bei 8 aus 15
Antwortstatistiken
Hint Antwort % Korrekt
Wie viele Teile hat John Wick? 4
93%
In welchem Jahr kamen Avengers Endgame, John Wick 3, Little Woman, Parasite und Knives Out raus? 2019
80%
Wann kam Inglourious Basterds raus? 2009
79%
Wann kam der erste Star Wars raus? 1977
77%
In welchem Jahr kamen The Grand Budapest Hotel, Whiplash und Interstellar raus? 2014
76%
In welchem Jahr kamen Black Swan, Shutter Island, Inception und the social Network raus? 2010
75%
Wie viele Oscar hat Ryan Gosling? 0
72%
Wann kam der erste Zurück in die Zukunft raus? 1985
71%
In welchem Jahr kamen Shawshank Redemption, Pulp Fiction und Leon raus? 1994
71%
Wer hat Schindlers Liste gemacht.? Steven Spielberg
53%
Agoston hat wie viel 5 Star Filme? (stand 27.11) 29
21%
Brad Pitt gewann seinen Oscar für welchen Film? Once upon a Time in Hollywood
21%
Von wem ist Pulp Fiction? Quentin Tarentino
20%
Wie heißt die Braut auf Kill Kill? Beatrix Kiddo
4%
Wer gewann Oscar Bester Nebendarsteller für Django und Inglourious Basterds? Christop Wlatz
0%
Keine übereinstimmenden Quizze gefunden
Verteilung der Resultate
Anzahl Personen mit jedem Resultat
Perzentil nach korrekt beantworteten Fragen
Ihre Resultats-Entwicklung
Sie haben dieses Quiz noch nicht gespielt